| 000 | 00498 a2200169 4500 | ||
|---|---|---|---|
| 003 | Nust | ||
| 005 | 20230120182014.0 | ||
| 040 | _cNust | ||
| 082 | _a808.82,MOS | ||
| 100 |
_aMoseley, Sydney A. _9107297 |
||
| 245 |
_aShort Story Writing and Free- Lance Journalism / _cSydney A. Moseley |
||
| 260 |
_aLondon _bSir Isaac pitman |
||
| 300 | _a220;p | ||
| 505 | _aPart 1: Free Lance Journalism (Page-1), Part 2: Short Story Writing (Page-113). | ||
| 650 |
_aShort Story _9107298 |
||
| 942 |
_2ddc _cBK |
||
| 999 |
_c186822 _d186822 |
||